000 02057nam0a2200385 i 4500
001 RU\NLR\BIBL_A\010978918
005 20241104171230.0
010 _a9785917760858
_930
021 _aRU
_b2016-4548
_9279
035 _a(NILC)LIBNET\0000626007
035 _aBEL\BIBL\0001161553
035 _a(NLR Aleph) 010978918
090 _a10860681
_c10860681
100 _a20160210d2015 km y0rusy50 ca
101 0 _arus
102 _aRU
105 _ay|||z|||000yy
200 1 _aЗащита основных прав и свобод человека и гражданина в Российской Федерации посредством конституционного судопроизводства
_eмонография
_fЕ. Е. Новопавловская
_gБелгородский юридический институт МВД России имени И. Д. Путилина
210 _aБелгород
_cБелгородский юридический институт МВД России
_d2015
215 _a141 с.
_d21
300 _aВ конце кн. авт.: Новопавловская Е.Е. - к.ю.н., доц.
320 _aБиблиогр.: с. 111-141 и в подстроч. примеч.
601 0 1 _aРоссийская Федерация
_bКонституционный суд
_xЗащита прав человека
_92396304
_3RU\NLR\AUTH\661428709
606 1 _aПрава человека
_xЗащита
_xПравовое регулирование
_yРоссийская Федерация
_92349105
_3RU\NLR\AUTH\661403569
686 _a67.400.34
_vLBC/M
_2rubbk
686 1 _aХ620.141
686 1 _aХ620.32
700 1 _aНовопавловская
_bЕ. Е.
_gЕлена Евгеньевна
801 0 _aRU
_bБелгородская ГУНБ
_c20160112
_gPSBO
801 1 _aRU
_bБелгородская ГУНБ
_c20160112
_2rusmarc
801 2 _aRU
_bБелгородская ГУНБ
_c20160121
_2rusmarc
942 _cBOOK
980 _aNBR